000 01774nam0a2200373 i 4500
001 RU\NLR\BIBL_A\011315373
005 20241114230209.0
010 _a9785990860025
021 _aRU
_b2016-98523
_96553
035 _a(NLR Aleph) 011315373
090 _a11045297
_c11045297
100 _a20170125d2017 km y0rusy50 ca
101 0 _arus
102 _aRU
105 _aa|||z|||001zy
200 1 _aУльтразвуковое исследование в урологии и нефрологии
_e[монография]
_fС.В. Капустин, Р. Оуен, С.И. Пиманов
205 _a2-е изд., испр. и доп.
210 _aМосква
_cУмный доктор
_d2017
_d[т.е. 2016]
215 _a175 с.
_cил.
_d26
300 _aКн. фактически изд. в 2016 г.
300 _aНа 4-й с. обл. авт.: к.м.н. С.В. Капустин, проф. каф. радиологии Катол. ун-та Лёвен, Бельгия Р. Оуен, проф., д.м.н. С.И. Пиманов
320 _aБиблиогр. в конце разд.
320 _aПредм. указ.: с. 173-175
606 1 _aУльтразвуковая диагностика
_xПрименение в нефрологии
_92312720
_3RU\NLR\AUTH\6601609533
606 _aУльтразвуковая диагностика
_xПрименение в урологии
_92606297
_3RU\NLR\AUTH\661542855
686 1 _aР69-433.9
686 1 _aР414-433.9
700 1 _aКапустин
_bС. В.
_gСергей Васильевич
701 1 _aОуен
_bР.
_gРаймонд
701 1 _aПиманов
_bС. И.
_gСергей Иванович
942 _cBOOK
980 _aNBR